EDUCATIONAL PLANNING (Record no. 60012)

MARC details
000 -CABECERA
campo de control de longitud fija 00356nam a2200157 a 4500
003 - IDENTIFICADOR DEL NÚMERO DE CONTROL
campo de control DLC
005 - FECHA Y HORA DE LA ÚLTIMA TRANSACCIÓN
campo de control 20210219152747.0
022 ## - NÚMERO INTERNACIONAL NORMALIZADO PARA PUBLICACIONES SERIADAS
Número Internacional Normalizado para Publicaciones Seriadas 0315-9388
035 ## - NÚMERO DE CONTROL DEL SISTEMA
Número de control de sistema UPN01000060183
245 00 - MENCIÓN DE TÍTULO
Título EDUCATIONAL PLANNING
260 ## - PUBLICACIÓN, DISTRIBUCIÓN, ETC.
Lugar de publicación, distribución, etc. EUA :
260 ## - PUBLICACIÓN, DISTRIBUCIÓN, ETC.
Nombre del editor, distribuidor, etc. International Society for Educational Planning
310 ## - FRECUENCIA ACTUAL DE LA PUBLICACION
Periodicidad actual Trimestral
905 ## - TIPO DE MATERIAL
Tipo de material Revista
Holdings
Estado de retiro Estado de pérdida Fuente del sistema de clasificación o colocación Estado dañado No para préstamo Código de colección Localización permanente Ubicación/localización actual Ubicación en estantería Enumeración/cronología de publicación seriada Total de préstamos Código de barras Fecha visto por última vez Número de copia Tipo de ítem Koha
    Library of Congress Classification   Disponible (Préstamo en sala) Revistas Bib. Gregorio Torres Quintero Bib. Gregorio Torres Quintero Hemeroteca Sótano v. 7, no. 1 (1988 primavera)   6018310 31/12/2020 1 Revista Impresa
    Library of Congress Classification   Disponible (Préstamo en sala) Revistas Bib. Gregorio Torres Quintero Bib. Gregorio Torres Quintero Hemeroteca Sótano v. 7, no. 2 (1988 otoño)   6018320 31/12/2020 1 Revista Impresa
    Library of Congress Classification   Disponible (Préstamo en sala) Revistas Bib. Gregorio Torres Quintero Bib. Gregorio Torres Quintero Hemeroteca Sótano v. 7, no. 3 (1988 invierno)   6018330 31/12/2020 1 Revista Impresa
    Library of Congress Classification   Disponible (Préstamo en sala) Revistas Bib. Gregorio Torres Quintero Bib. Gregorio Torres Quintero Hemeroteca Sótano v. 7, no. 4 (1989 primavera)   6018340 31/12/2020 1 Revista Impresa